书目信息 |
| 题名: |
马克思主义典型学说史纲
|
|
| 作者: | 李衍柱 著 | |
| 分册: | ||
| 出版信息: | 济南 山东文艺出版社 1989.07 |
|
| 页数: | 551页 | |
| 开本: | 20cm | |
| 丛书名: | ||
| 单 册: | ||
| 中图分类: | I025 | |
| 科图分类: | ||
| 主题词: | 文学--理论 , 文学--形象 | |
| 电子资源: | ||
| ISBN: | 7-5329-0272-2 | |
| 000 | 00582nam0 2200205 45 | |
| 001 | 0404251142 | |
| 005 | 20050324162635.0 | |
| 010 | @a7-5329-0272-2@dCNY7.80 | |
| 100 | @a20040425d1989 km y0chiy0120 ea | |
| 101 | 0 | @achi |
| 105 | @a z 000yy | |
| 200 | 1 | @a马克思主义典型学说史纲@AMa Ke Si Zhu Yi Dian Xing Xue Shuo Shi Gang@f李衍柱著@FLi Yan Zhu Zhu |
| 210 | @a济南@c山东文艺出版社@d1989.07 | |
| 215 | @a551页@d20cm | |
| 606 | 0 | @a文学@x理论 |
| 606 | 0 | @a文学@x形象 |
| 690 | @aI025@v3 | |
| 701 | 0 | @a李衍柱@4著 |
| 801 | @aCN@bTSTCL@c20040425 | |
| 905 | @dI025@e151@f1@b231749 | |
| 马克思主义典型学说史纲/李衍柱著.-济南:山东文艺出版社,1989.07 |
| 551页;20cm |
| ISBN 7-5329-0272-2:CNY7.80 |
| ● |
| 相关链接 |
|
|
|
|
正题名:马克思主义典型学说史纲
索取号:I025/151
 
预约/预借
| 序号 | 登录号 | 条形码 | 馆藏地/架位号 | 状态 | 备注 |
| 1 | 0231749 | 002018658 | 第二借阅区/ [索取号:I025/151] | 在馆 | |
| 2 | 0231750 | 000902018 | 第一样本阅览室/ [索取号:I025/151] | 在馆 |